Safe house (Record no. 84548)
[ view plain ]
| 000 -LEADER | |
|---|---|
| fixed length control field | 03665cgm a2200697Ia 4500 |
| 001 - CONTROL NUMBER | |
| control field | ocn793024632 |
| 003 - CONTROL NUMBER IDENTIFIER | |
| control field | OCoLC |
| 005 - DATE AND TIME OF LATEST TRANSACTION | |
| control field | 20241220132414.0 |
| 008 - FIXED-LENGTH DATA ELEMENTS--GENERAL INFORMATION | |
| fixed length control field | 120503s2012 cau115 vleng d |
| 007 - PHYSICAL DESCRIPTION FIXED FIELD--GENERAL INFORMATION | |
| fixed length control field | vd cvaizk |
| 040 ## - CATALOGING SOURCE | |
| Original cataloging agency | TEFMT |
| Transcribing agency | TEFMT |
| Modifying agency | TEF |
| -- | TEFMT |
| -- | UINTA |
| 024 1# - OTHER STANDARD IDENTIFIER | |
| Standard number or code | 025192104404 |
| 024 1# - OTHER STANDARD IDENTIFIER | |
| Standard number or code | 025192145957 |
| 028 42 - PUBLISHER NUMBER | |
| Publisher number | 61118806 |
| Source | Universal |
| 028 42 - PUBLISHER NUMBER | |
| Publisher number | 61122721 |
| Source | Universal |
| 035 ## - SYSTEM CONTROL NUMBER | |
| System control number | (OCoLC)793024632 |
| 037 ## - SOURCE OF ACQUISITION | |
| Source of stock number/acquisition | Midwest Tape |
| Note | http://www.midwesttapes.com |
| 041 1# - LANGUAGE CODE | |
| Language code of text/sound track or separate title | eng |
| -- | spa |
| -- | fre |
| -- | eng |
| -- | spa |
| -- | fre |
| Language code of original and/or intermediate translations of text | eng |
| 050 #4 - LIBRARY OF CONGRESS CALL NUMBER | |
| Classification number | PN1997.2 |
| Item number | .S34 2012 |
| 082 04 - DEWEY DECIMAL CLASSIFICATION NUMBER | |
| Classification number | 791.43/72 |
| Edition number | 23 |
| 049 ## - LOCAL HOLDINGS (OCLC) | |
| Holding library | UCLB |
| 092 ## - LOCALLY ASSIGNED DEWEY CALL NUMBER (OCLC) | |
| Classification number | 791.437 |
| 245 00 - TITLE STATEMENT | |
| Title | Safe house |
| Medium | [videorecording] / |
| Statement of responsibility, etc | Relativity Media ; Bluegrass Films ; produced by Scott Stuber ; written by David Guggenheim ; directed by Daniel Espinosa. |
| 246 1# - VARYING FORM OF TITLE | |
| Display text | French title: |
| Title proper/short title | Le refuge |
| 260 ## - PUBLICATION, DISTRIBUTION, ETC. (IMPRINT) | |
| Place of publication, distribution, etc | Universal City, CA : |
| Name of publisher, distributor, etc | Universal Studios Home Entertainment, |
| Date of publication, distribution, etc | [2012] |
| 300 ## - PHYSICAL DESCRIPTION | |
| Extent | 1 videodisc (115 min.) : |
| Other physical details | sd., col. ; |
| Dimensions | 4 3/4 in. |
| 538 ## - SYSTEM DETAILS NOTE | |
| System details note | DVD, anamorphic widescreen (2.40:1); Dolby Digital 5.1 (English, French, Spanish), Dolby Digital 2.0 (English DVS). |
| 546 ## - LANGUAGE NOTE | |
| Language note | English subtitles for the deaf and hard of hearing (SDH); English described video for people with visual disabilities. |
| 546 ## - LANGUAGE NOTE | |
| Language note | English, Spanish or French dialogue; Spanish or French subtitles. |
| 500 ## - GENERAL NOTE | |
| General note | Title from container. |
| 500 ## - GENERAL NOTE | |
| General note | Originally released as a motion picture in 2012. |
| 511 1# - PARTICIPANT OR PERFORMER NOTE | |
| Participant or performer note | Denzel Washington, Ryan Reynolds, Vera Farmiga, Brendan Gleeson, Sam Shepard, Ruben Blades, Nora Arnezeder, Robert Patrick. |
| 521 8# - TARGET AUDIENCE NOTE | |
| Target audience note | MPAA rating: R; for strong violence throughout and some language |
| -- | CHV rating: 14A; for brutal violence, coarse language and disturbing content |
| -- | OFRB rating: AA; for coarse language and violence. |
| 520 ## - SUMMARY, ETC. | |
| Summary, etc | Tobin Frost, one of the CIA's most dangerous traitors, resurfaces in South Africa after eluding capture for almost a decade. During his interrogation, the safe house he's being held in is attacked by brutal mercenaries, forcing rookie agent Matt Weston to take the infamous Frost on the run. As the masterful manipulator toys with his reluctant protege, shaking the young operative's morality and idealism, the unlikely allies must fight to stay alive long enough to uncover who wants them dead. |
| 500 ## - GENERAL NOTE | |
| General note | Special features: Making of "Safe house"; hand-to-hand action; building the rooftop chase; inside the CIA. |
| 610 10 - SUBJECT ADDED ENTRY--CORPORATE NAME | |
| Corporate name or jurisdiction name as entry element | United States. |
| Subordinate unit | Central Intelligence Agency |
| Form subdivision | Drama. |
| 9 (RLIN) | 5676918 |
| 650 #0 - SUBJECT ADDED ENTRY--TOPICAL TERM | |
| Topical term or geographic name as entry element | Traitors |
| Form subdivision | Drama. |
| 9 (RLIN) | 6515136 |
| 610 17 - SUBJECT ADDED ENTRY--CORPORATE NAME | |
| Corporate name or jurisdiction name as entry element | Agencia Central de Inteligencia (Estados Unidos) |
| Form subdivision | Teatro. |
| Source of heading or term | bidex |
| 9 (RLIN) | 6235704 |
| 655 #7 - INDEX TERM--GENRE/FORM | |
| Genre/form data or focus term | Feature films. |
| Source of term | lcgft |
| 9 (RLIN) | 6235705 |
| 655 #7 - INDEX TERM--GENRE/FORM | |
| Genre/form data or focus term | Action and adventure films. |
| Source of term | lcgft |
| 9 (RLIN) | 6235706 |
| 655 #7 - INDEX TERM--GENRE/FORM | |
| Genre/form data or focus term | Video recordings for the hearing impaired. |
| Source of term | lcgft |
| 9 (RLIN) | 6235707 |
| 655 #7 - INDEX TERM--GENRE/FORM | |
| Genre/form data or focus term | Video recordings for people with visual disabilities. |
| Source of term | lcgft |
| 9 (RLIN) | 5676923 |
| 655 #7 - INDEX TERM--GENRE/FORM | |
| Genre/form data or focus term | Feature films. |
| Source of term | gsafd |
| 9 (RLIN) | 6235705 |
| 700 1# - ADDED ENTRY--PERSONAL NAME | |
| Personal name | Espinosa, Daniel, |
| Dates associated with a name | 1977- |
| 9 (RLIN) | 6235708 |
| 700 1# - ADDED ENTRY--PERSONAL NAME | |
| Personal name | Stuber, Scott. |
| 9 (RLIN) | 56399 |
| 700 1# - ADDED ENTRY--PERSONAL NAME | |
| Personal name | Guggenheim, David. |
| 9 (RLIN) | 6235709 |
| 700 1# - ADDED ENTRY--PERSONAL NAME | |
| Personal name | Washington, Denzel, |
| Dates associated with a name | 1954- |
| 9 (RLIN) | 34832 |
| 700 1# - ADDED ENTRY--PERSONAL NAME | |
| Personal name | Reynolds, Ryan. |
| 9 (RLIN) | 76282 |
| 700 1# - ADDED ENTRY--PERSONAL NAME | |
| Personal name | Farmiga, Vera. |
| 9 (RLIN) | 67457 |
| 700 1# - ADDED ENTRY--PERSONAL NAME | |
| Personal name | Gleeson, Brendan. |
| 9 (RLIN) | 76531 |
| 700 1# - ADDED ENTRY--PERSONAL NAME | |
| Personal name | Shepard, Sam, |
| Dates associated with a name | 1943- |
| 9 (RLIN) | 10825 |
| 700 1# - ADDED ENTRY--PERSONAL NAME | |
| Personal name | Blades, Rubén. |
| 9 (RLIN) | 20306 |
| 700 1# - ADDED ENTRY--PERSONAL NAME | |
| Personal name | Arnezeder, Nora, |
| Dates associated with a name | 1988- |
| 9 (RLIN) | 6235710 |
| 700 1# - ADDED ENTRY--PERSONAL NAME | |
| Personal name | Patrick, Robert, |
| Dates associated with a name | 1958- |
| 9 (RLIN) | 63807 |
| 710 2# - ADDED ENTRY--CORPORATE NAME | |
| Corporate name or jurisdiction name as entry element | Relativity Media. |
| 9 (RLIN) | 73590 |
| 710 2# - ADDED ENTRY--CORPORATE NAME | |
| Corporate name or jurisdiction name as entry element | Bluegrass Films (Firm) |
| 9 (RLIN) | 6235711 |
| 710 2# - ADDED ENTRY--CORPORATE NAME | |
| Corporate name or jurisdiction name as entry element | Universal Studios Home Entertainment (Firm) |
| 9 (RLIN) | 72642 |
| 942 ## - ADDED ENTRY ELEMENTS (KOHA) | |
| Koha item type | DVD |
| 994 ## - | |
| -- | C0 |
| -- | UINTA |
| 998 ## - LOCAL CONTROL INFORMATION (RLIN) | |
| -- | a152026 |
| Withdrawn status | Lost status | Source of classification or shelving scheme | Damaged status | Not for loan | Collection code | Home library | Current library | Shelving location | Date acquired | Source of acquisition | Cost, normal purchase price | Total Checkouts | Total Renewals | Full call number | Barcode | Date last seen | Date checked out | Cost, replacement price | Price effective from | Koha item type |
|---|---|---|---|---|---|---|---|---|---|---|---|---|---|---|---|---|---|---|---|---|
| Dewey Decimal Classification | Movies | Wasatch County Library | Wasatch County Library | Audio Visual Area | 07/02/2012 | Amazon | 15.95 | 94 | 2 | DVD Saf | 34301001616392 | 04/08/2024 | 04/06/2024 | 15.95 | 03/20/2020 | DVD |
